La imitación de los modernos : (tipografías 2) /

Este libro, publicado en 1986, reúne diez conferencias dictadas entre 1978 y 1985. Bajo diversos apremios y recorriendo textos disímiles –Heidegger, Hölderlin, Lyotard, Derrida, Diderot, Nietzsche–, se aboca a la idea de ir siguiendo rigurosamente los lazos que atan al arte con lo político, intentan...

Full description

Bibliographic Details
Main Author: Lacoue-Labarthe, Philippe 1940-
Format: Libro
Language:Spanish
Published: Buenos Aires Ediciones La Cebra 2010
Edition:1a. ed.
Subjects:

MARC

LEADER 00000cam a2200000 a 4500
001 002669
003 UAHC_CL
005 20170803115847.0
008 110603s2010 sp 000 spa
020 |z 9789872470 
040 |a UAHC_CL  |c UAHC_CL  |d UAHC_CL 
082 0 4 |a 194  |b L145  |2 20 
100 1 |a Lacoue-Labarthe, Philippe  |d 1940- 
245 1 3 |a La imitación de los modernos :  |b (tipografías 2) /  |c Philippe Lacoue-Labarthe ; traducción y epílogo Cristóbal Durán R. 
250 |a 1a. ed. 
260 |b Ediciones La Cebra  |a Buenos Aires  |c 2010 
300 |a 349 p. 
520 |a Este libro, publicado en 1986, reúne diez conferencias dictadas entre 1978 y 1985. Bajo diversos apremios y recorriendo textos disímiles –Heidegger, Hölderlin, Lyotard, Derrida, Diderot, Nietzsche–, se aboca a la idea de ir siguiendo rigurosamente los lazos que atan al arte con lo político, intentando exponer cuánto deben dichos lazos al problema de la mimesis, de una imitación que debe seguir a un modelo que también queda siempre por inventar. 
521 |a Contrucción al Psiquismo 
650 4 |a FILOSOFIA FRANCESA  |y SIGLO 20 
653 |a PSICOLOGIA 
653 |a ANTROPOLOGIA 
658 |a Durán, Cristobal 
900 |a 194 LAC 
942 |c BK 
952 |0 0  |1 0  |4 0  |6 194_000000000000000_LAC  |7 0  |8 General  |9 6016  |a BC  |b BC  |c General  |d 2017-08-03  |l 0  |o 194 LAC  |p 1391504  |r 2026-01-07 00:00:00  |t 1  |w 2017-08-03  |y BK 
999 |c 2669  |d 2669